El 'Kitab Al-Amal Bi-L-Asturlab' (Llibre de l'ús de l'astrolabi) d'Ibn Al-Samh / estudi i traducció: Mercè Viladrich i Grau Mercè Viladrich i Grau
Descripción Física:
158 p. : il. ; 25 cm
MARC
| LEADER | 00000nam a2200000Ia 4500 | ||
|---|---|---|---|
| 001 | 11436 | ||
| 008 | 160829s1986 xx 000 0 cat d | ||
| 080 | |a C-1-260 | ||
| 100 | |a Viladrich i Grau, Mercè |9 30847 | ||
| 245 | |a El 'Kitab Al-Amal Bi-L-Asturlab' (Llibre de l'ús de l'astrolabi) d'Ibn Al-Samh / estudi i traducció: |b Mercè Viladrich i Grau | ||
| 260 | |a Barcelona : |b Institut d'Estudis Catalans, |c 1986 | ||
| 300 | |a 158 p. : |b il. ; |c 25 cm | ||
| 490 | |a Memòries de la Secció Històrico-Arqueològica ; 36 | ||
| 650 | |a Astronomia |x Aparells i instruments |9 30848 | ||
| 650 | |a Astrolabis |9 30849 | ||
| 710 | 2 | |a Institut d'Estudis Catalans |9 52284 | |
| 901 | |a Arxiu | ||
| 942 | |n 1 | ||
| 952 | |0 0 |1 0 |4 0 |6 C1260 |7 1 |9 45545 |a Arxiu |b Arxiu |d 2016-12-01 |l 0 |o C-1-260 |p 11436 |r 2016-12-01 00:00:00 |w 2016-12-01 |y ARXIU | ||
| 999 | |c 48713 |d 48713 | ||